000 00719nam a22002177a 4500
005 20250912102423.0
008 210303s9999 xx 000 0 und d
016 _2reto2022b
020 _a0821328662
040 _aNLN
_bEngliush
_eAACR2
050 _aDK254
_b.L35
100 _aLENIN, Vladimir Il'ich
_d1870-1924
_eaut
245 _aAgainst liquidationism
_cby Vladimir Il'ch Lenin
260 _aMoscow, Russia :
_bForeign Languages Publishing House,
_c[n.d.]
300 _a413p. :
_b; 20cm.
440 _aTranslated form the Russian, edited by Tom Dexter'
_952632
500 _aIncludes bibliographical references
563 _a(pam)
650 _aLiteracy programs
_vDeveloping Countries
_952631
942 _cBK
_n0
999 _c33087
_d33087